政令指定都市(サドンデス) - Statistics

General Stats
  • This quiz has been taken 1,388 times
  • The average score is 15 of 19
Answers on the Grid
Answers color-coded by a green-red scale on the quiz's grid according to % correct below.
東京23区
横浜市
大阪市
札幌市
福岡市
川崎市
神戸市
京都市
さいたま市
広島市
仙台市
千葉市
北九州市
堺市
浜松市
新潟市
熊本市
相模原市
岡山市
静岡市
船橋市
川口市
鹿児島市
歌志内市
八王子市
姫路市
松山市
高松市
 
Answer Stats
Answer % Correct
横浜市
87%
大阪市
85%
札幌市
85%
京都市
84%
さいたま市
84%
福岡市
83%
川崎市
83%
神戸市
83%
広島市
83%
仙台市
82%
千葉市
81%
堺市
81%
北九州市
80%
浜松市
80%
相模原市
80%
静岡市
79%
新潟市
78%
熊本市
77%
岡山市
74%
No matching quizzes found
Score Distribution
Percent of People with Each Score
Percentile by Number Answered
Your Score History
You have not taken this quiz